|
|
|
|
| LEADER |
00000nab a2200000 a 4500 |
| 001 |
vtls000325544 |
| 003 |
SK-MaSNL |
| 005 |
20260302225246.0 |
| 008 |
111201c1988 xo 0 slo |
| 015 |
|
|
|a SNBRB19rr/mm-uuuuu
|
| 035 |
|
|
|a CL0325666
|
| 040 |
|
|
|a SNKBUCL
|b slo
|c SNKBUCL
|e AACR2
|
| 041 |
0 |
|
|a slo
|
| 044 |
|
|
|a xo
|c SK
|
| 080 |
|
|
|a 352/353
|2 1981
|
| 100 |
1 |
|
|a Horák, Ladislav
|4 aut
|9 926196
|
| 245 |
1 |
0 |
|a Stále užitočná
|c Ladislav Horák
|
| 300 |
|
|
|b Obr. 1.
|
| 650 |
0 |
7 |
|a národné výbory
|2 snkbucl
|9 59059
|
| 655 |
|
7 |
|a články z novín a časopisov
|2 snkbucl
|9 267496
|
| 773 |
0 |
|
|t Národné výbory
|g Č. 6 (1988), s. 15
|
| 850 |
|
|
|a Slovenská národná knižnica v Martine
|a MTA001
|
| 852 |
|
|
|a SNK
|b KIS3GCP
|
| 958 |
|
|
|a RK
|
| 992 |
|
|
|a RBX
|
| 999 |
|
|
|c 1528186
|d 1530116
|